[Event "VIII Festival B"]
[Site "Amantea ITA"]
[Date "2010.08.31"]
[Round "3"]
[White "Pelyushenko, Anton"]
[Black "Serratore, Vincenzo"]
[Result "1/2-1/2"]
[WhiteElo "1845"]
[BlackElo "1881"]
[PlyCount "120"]
[EventDate "2010.08.29"]

1. Nf3 Nf6 2. d4 g6 3. g3 Bg7 4. Bg2 O-O 5. O-O d5 6. Bf4 Nc6 7. c3 Bg4 8. Nbd2
Qd7 9. Qb3 Rab8 10. Rfe1 Nh5 11. Ne5 Nxe5 12. Bxe5 Bxe5 13. dxe5 c6 14. Rad1
Qc7 15. f4 Ng7 16. h3 Be6 17. g4 h5 18. Bf3 Qc8 19. gxh5 gxh5 20. Kh2 Bxh3 21.
Rg1 Qf5 22. e3 Bg4 23. Bxg4 hxg4 24. Rh1 Qd3 25. Nf1 Qe2+ 26. Kg1 g3 27. Rd2
Qg4 28. Qc2 f6 29. Qh7+ Kf7 30. exf6 exf6 31. Qh3 Qxh3 32. Rxh3 Nf5 33. Re2 Rg8
34. Kg2 Rg7 35. Kf3 Rbg8 36. Rg2 Rg4 37. Ke2 R8g7 38. Kd3 Nh4 39. Rgxg3 Nf5 40.
Rxg4 Rxg4 41. e4 dxe4+ 42. Kxe4 Nd6+ 43. Kf3 Rg7 44. Ne3 Ke6 45. Rh5 b6 46. f5+
Ke7 47. Ng4 Nf7 48. Rh1 Ng5+ 49. Kf4 Nh7 50. Re1+ Kd7 51. Re6 Rf7 52. b4 Kc7
53. a4 a6 54. c4 Kd7 55. b5 axb5 56. axb5 cxb5 57. cxb5 Kc7 58. Rc6+ Kb7 59.
Ke4 Re7+ 60. Kd5 Rf7 1/2-1/2

[Event "VIII Festival B"]
[Site "Amantea ITA"]
[Date "2010.08.31"]
[Round "3"]
[White "Pelyushenko, Vladyslav"]
[Black "Vesce, Emanuele"]
[Result "1/2-1/2"]
[WhiteElo "1771"]
[BlackElo "1735"]
[PlyCount "86"]
[EventDate "2010.08.29"]

1. d4 Nf6 2. c4 g6 3. Nc3 d5 4. cxd5 Nxd5 5. e4 Nxc3 6. bxc3 Bg7 7. Be3 O-O 8.
Rb1 c5 9. Nf3 Nc6 10. Be2 Qc7 11. Qd2 Rd8 12. Qb2 Rb8 13. O-O b5 14. dxc5 b4
15. Nd4 bxc3 16. Nb5 Qa5 17. Qc2 a6 18. Na7 Rxb1 19. Nxc6 Rxf1+ 20. Bxf1 Qc7
21. Nxd8 Qxd8 22. Qa4 h6 23. c6 a5 24. f4 Bg4 25. Qc4 Be6 26. c7 Qa8 27. Qd3
Bc8 28. e5 Kh7 29. Qxc3 Qe4 30. Qd4 Qxd4 31. Bxd4 f6 32. Bc4 fxe5 33. fxe5 e6
34. Bb5 Kg8 35. Bc3 Kf7 36. Bc6 Bf8 37. Kf2 Bc5+ 38. Kf3 Bb6 39. Ke4 Bxc7 40.
Bd4 Ba6 41. a4 Bf1 42. Ke3 Bc4 43. Kf4 Bd5 1/2-1/2

[Event "VIII Festival B"]
[Site "Amantea ITA"]
[Date "2010.08.31"]
[Round "3"]
[White "Rametta, Marcello"]
[Black "Martino, Giovanni"]
[Result "1-0"]
[WhiteElo "1778"]
[BlackElo "1536"]
[PlyCount "70"]
[EventDate "2010.08.29"]

1. e4 c5 2. c3 Nf6 3. Bd3 Nc6 4. Bc2 e5 5. h3 Be7 6. Nf3 d5 7. exd5 Qxd5 8. O-O
e4 9. Nh2 Ne5 10. Ba4+ Bd7 11. Bxd7+ Qxd7 12. f3 Qd3 13. fxe4 Nxe4 14. Nf3 Nc4
15. Qa4+ Kd8 16. Qb5 Ned6 17. Qxc5 Ne4 18. Qd4+ Qxd4+ 19. Nxd4 Bc5 20. d3 Ng3
21. dxc4 Nxf1 22. Kxf1 Bd6 23. Bg5+ Kd7 24. Nf5 Be5 25. Na3 h6 26. Be3 a6 27.
Rd1+ Ke6 28. Nd4+ Kd7 29. c5 Rac8 30. Nc4 Bc7 31. Nf5+ Ke6 32. Nxg7+ Kf6 33.
Nh5+ Ke7 34. Bd4 Rhg8 35. Re1+ Kd7 1-0

[Event "VIII Festival B"]
[Site "Amantea ITA"]
[Date "2010.08.31"]
[Round "3"]
[White "Salvaggio, Salvatore"]
[Black "Caporale, Giuseppe Guido"]
[Result "0-1"]
[WhiteElo "1823"]
[BlackElo "1794"]
[PlyCount "128"]
[EventDate "2010.08.29"]

1. d4 Nf6 2. c4 c5 3. d5 b5 4. cxb5 a6 5. bxa6 g6 6. Nc3 Bxa6 7. e4 Bxf1 8.
Kxf1 d6 9. g4 Bg7 10. g5 Nfd7 11. Nf3 Qa5 12. Bd2 Qb4 13. Qc2 O-O 14. Kg2 Ne5
15. Nxe5 Bxe5 16. a3 Qb7 17. Rab1 Na6 18. Ne2 Qd7 19. h3 Rfb8 20. Bc3 Bxc3 21.
bxc3 h6 22. Rxb8+ Rxb8 23. c4 hxg5 24. Rb1 Ra8 25. Rb3 Kg7 26. Qb2+ f6 27. Rb7
Qe8 28. Qb5 Kf7 29. Qxe8+ Kxe8 30. Nc3 Nb8 31. Rb3 Nd7 32. Nb5 Kd8 33. Nc3 Ne5
34. a4 Nxc4 35. Kg3 Kc8 36. f4 gxf4+ 37. Kxf4 Kc7 38. Nb5+ Kc8 39. Nc3 Rb8 40.
Nb5 Kd7 41. Rc3 Nb6 42. a5 Nxd5+ 43. exd5 Rxb5 44. Ra3 Kc7 45. a6 Kb8 46. Re3
Rb4+ 47. Kf3 Rd4 48. Rxe7 Rxd5 49. Rb7+ Ka8 50. Ke4 Rd4+ 51. Ke3 Rh4 52. Rc7 f5
53. Rg7 Rxh3+ 54. Kf4 Rh4+ 55. Kg5 Rg4+ 56. Kf6 f4 57. Ke6 f3 58. Kxd6 g5 59.
Kc6 f2 60. Rg8+ Ka7 61. Rg7+ Kxa6 62. Rg8 Ka5 63. Ra8+ Kb4 64. Ra1 Rg1 0-1

[Event "VIII Festival B"]
[Site "Amantea ITA"]
[Date "2010.08.31"]
[Round "3"]
[White "Scalise, Sandro"]
[Black "Palermiti, Francesco"]
[Result "0-1"]
[WhiteElo "1758"]
[BlackElo "1470"]
[PlyCount "66"]
[EventDate "2010.08.29"]

1. d4 d5 2. Nc3 Nf6 3. Bg5 e6 4. e4 dxe4 5. Nxe4 Be7 6. Bxf6 Bxf6 7. Nxf6+ Qxf6
8. Qd2 O-O 9. O-O-O c6 10. Nf3 Nd7 11. Bd3 h6 12. h4 e5 13. Rhe1 exd4 14. Nxd4
Qxh4 15. Nf5 Qf6 16. Qe3 Nb6 17. Ne7+ Kh8 18. Qe4 g6 19. Rh1 Kg7 20. Qe3 Rh8
21. Nxc8 Raxc8 22. Kb1 c5 23. Be4 Na4 24. c3 b5 25. Rd7 a6 26. Rhd1 Rhe8 27.
R1d6 Re6 28. Qg3 Rxd6 29. Rxd6 Qg5 30. Qd3 Re8 31. b3 Rxe4 32. bxa4 Re1+ 33.
Kc2 Qc1+ 0-1

[Event "VIII Festival B"]
[Site "Amantea ITA"]
[Date "2010.08.31"]
[Round "3"]
[White "Stoja, Rocco"]
[Black "Ielapi, Vito"]
[Result "0-1"]
[WhiteElo "1820"]
[BlackElo "1829"]
[PlyCount "48"]
[EventDate "2010.08.29"]

1. e4 e5 2. Nf3 Nc6 3. Bb5 d6 4. h3 Nf6 5. d4 exd4 6. e5 dxe5 7. Nxe5 Qd5 8.
Qe2 Be6 9. O-O Bd6 10. Nxc6 bxc6 11. c4 Qc5 12. b4 Qb6 13. c5 Bxc5 14. bxc5
Qxb5 15. Qe5 Rd8 16. Bg5 Rd5 17. Qf4 Rf5 18. Qh4 Qxc5 19. Rc1 Qd5 20. Bf4 g5
21. Nc3 dxc3 22. Qh6 Rxf4 23. Rab1 Ke7 24. Rxc3 Rh4 0-1

[Event "VIII Festival B"]
[Site "Amantea ITA"]
[Date "2010.08.31"]
[Round "3"]
[White "Valotta, Massimiliano"]
[Black "Gregori, Giacomo"]
[Result "0-1"]
[WhiteElo "1863"]
[BlackElo "1802"]
[PlyCount "158"]
[EventDate "2010.08.29"]

1. d4 Nf6 2. c4 c5 3. e3 g6 4. Nf3 Bg7 5. Be2 b6 6. Nc3 Bb7 7. d5 O-O 8. O-O d6
9. e4 Nbd7 10. h3 Re8 11. Bf4 h6 12. Qd2 Kh7 13. Bd3 Nh5 14. Be3 Ne5 15. Nxe5
dxe5 16. g4 Nf6 17. f4 Nd7 18. g5 exf4 19. Rxf4 Ne5 20. gxh6 Bxh6 21. Rf2 Bg7
22. Raf1 Rf8 23. Bf4 Kg8 24. Be2 Ba6 25. b3 Bc8 26. Bh6 Bxh3 27. Bxg7 Kxg7 28.
Rh2 Rh8 29. Rff2 Qd7 30. Qf4 f6 31. d6 Qxd6 32. Nd5 Qd7 33. Nxf6 Qd4 34. Nh5+
gxh5 35. Rxh3 Raf8 36. Qg3+ Ng6 37. Qe3 Qxe3 38. Rxe3 Rxf2 39. Kxf2 h4 40. Bg4
Kf6 41. Bf5 Nf4 42. Rf3 e5 43. a4 Rd8 44. Ke1 Kg5 45. Bh3 Rd3 46. Rxd3 Nxd3+
47. Kf1 Nc1 48. Kf2 Nxb3 49. Ke3 Na5 50. Be6 Nc6 51. Bh3 Ne7 52. Kf3 Ng6 53.
Bf5 Nf4 54. Bd7 a5 55. Bc8 Nd3 56. Bd7 Nb2 57. Bb5 h3 58. Kg3 h2 59. Kxh2 Kf4
60. Bc6 Nxc4 61. Kg2 Nd2 62. Kf2 Nxe4+ 63. Ke2 Ng3+ 64. Kd3 e4+ 65. Kd2 Ke5 66.
Ke3 Nf5+ 67. Kf2 Kd4 68. Ke2 c4 69. Bb5 Nd6 70. Ba6 e3 71. Ke1 Ne4 72. Ke2 Nc3+
73. Ke1 Kd3 74. Bc8 Nxa4 75. Bf5+ Kd4 76. Bc2 Nc3 77. Bg6 a4 78. Bc2 a3 79. Bb1
Nxb1 0-1

[Event "VIII Festival B"]
[Site "Amantea ITA"]
[Date "2010.09.01"]
[Round "4"]
[White "Alagia, Pietro"]
[Black "De Rasis, Giovanni"]
[Result "0-1"]
[WhiteElo "1673"]
[BlackElo "1866"]
[PlyCount "50"]
[EventDate "2010.08.29"]

1. d4 c6 2. c4 d5 3. Nc3 Nf6 4. e3 e6 5. Nf3 Nbd7 6. a3 Bd6 7. b4 O-O 8. c5 Bc7
9. Bd3 Re8 10. Qc2 e5 11. dxe5 Nxe5 12. Nxe5 Bxe5 13. Rb1 Ng4 14. h3 Nxf2 15.
Bxh7+ Kh8 16. O-O Nxh3+ 17. gxh3 Qh4 18. Bf5 Bxf5 19. Rxf5 Bxc3 20. Rxf7 Re5
21. Rxg7 Kxg7 22. Qxc3 Qg3+ 23. Kf1 Rf8+ 24. Ke2 Rf2+ 25. Kd3 Qg6+ 0-1

[Event "VIII Festival B"]
[Site "Amantea ITA"]
[Date "2010.09.01"]
[Round "4"]
[White "Bevilacqua, Michele"]
[Black "De Luca, Alessio"]
[Result "1-0"]
[WhiteElo "1820"]
[BlackElo "1416"]
[PlyCount "61"]
[EventDate "2010.08.29"]

1. e4 e5 2. d4 exd4 3. c3 Nc6 4. Nf3 dxc3 5. Bc4 Be7 6. Qb3 cxb2 7. Bxb2 Nh6 8.
Bxg7 Na5 9. Qb5 c6 10. Qh5 Nxc4 11. Bxh8 Bb4+ 12. Nc3 Ng8 13. O-O h6 14. Ne2
Nd2 15. Nxd2 Bxd2 16. Rad1 Bg5 17. f4 Nf6 18. Bxf6 Bxf6 19. Qxh6 d6 20. Kh1 Bg4
21. Rfe1 Qe7 22. h3 Bd7 23. Ng3 O-O-O 24. Nf5 Qe6 25. Rxd6 Qxa2 26. Qxf6 Kc7
27. Red1 Rg8 28. Rxd7+ Kb6 29. Qd4+ c5 30. Qd6+ Kb5 31. Rxb7+ 1-0

[Event "VIII Festival B"]
[Site "Amantea ITA"]
[Date "2010.09.01"]
[Round "4"]
[White "Caporale, Giuseppe Guido"]
[Black "Tricomi, Massimo"]
[Result "0-1"]
[WhiteElo "1794"]
[BlackElo "1890"]
[PlyCount "98"]
[EventDate "2010.08.29"]

1. e4 Nf6 2. e5 Nd5 3. d4 d6 4. Nf3 dxe5 5. Nxe5 c6 6. c4 Nb4 7. a3 Qxd4 8. Qe2
Nc2+ 9. Qxc2 Qxe5+ 10. Be3 Bf5 11. Qc1 e6 12. Be2 Qc7 13. Nd2 Nd7 14. Nf3 Bg4
15. h3 Bxf3 16. Bxf3 Be7 17. O-O O-O 18. Qc2 Rad8 19. Kh1 e5 20. Rfe1 Bc5 21.
Be4 g6 22. Bh6 Rfe8 23. Bg5 Be7 24. Bd2 Nc5 25. Bf3 Ne6 26. Bc3 Nd4 27. Qe4
Nxf3 28. Qxf3 Bf8 29. Qg3 Bg7 30. Re4 Rd7 31. f4 Rde7 32. Rae1 exf4 33. Rxe7
Rxe7 34. Rxe7 Qxe7 35. Qd3 Bxc3 36. Qxc3 Qe3 37. Qf6 Qe1+ 38. Kh2 Qg3+ 39. Kh1
Qe1+ 40. Kh2 Qe3 41. h4 Qe4 42. h5 gxh5 43. Qd8+ Kg7 44. Qg5+ Qg6 45. Qxf4 h4
46. Qd4+ Qf6 47. Qg4+ Kh6 48. Qe2 Kg5 49. Kh3 Qe6+ 0-1

[Event "VIII Festival B"]
[Site "Amantea ITA"]
[Date "2010.09.01"]
[Round "4"]
[White "Carbone, Edoardo"]
[Black "Salvaggio, Salvatore"]
[Result "0-1"]
[WhiteElo "1614"]
[BlackElo "1823"]
[PlyCount "88"]
[EventDate "2010.08.29"]

1. c4 Nf6 2. Nf3 d6 3. g3 g6 4. Bg2 Bg7 5. O-O O-O 6. Nc3 Nc6 7. d3 a6 8. Bd2
Bg4 9. h3 Bd7 10. Rb1 Rb8 11. b4 e6 12. a4 Ne7 13. b5 a5 14. Qe1 b6 15. Ng5 h6
16. Nge4 Nxe4 17. Nxe4 f5 18. Nc3 Kh7 19. Qd1 e5 20. Nd5 Be6 21. Nxe7 Qxe7 22.
Qc2 Rbd8 23. Rbc1 Rf7 24. e3 d5 25. cxd5 Rxd5 26. Bxd5 Bxd5 27. Qb2 Bf3 28. Qb3
Qf6 29. Rce1 Rd7 30. Qc2 Bd5 31. f3 Qe6 32. Ra1 Bf8 33. d4 Bd6 34. f4 exd4 35.
exd4 Qf6 36. Bc3 Qf7 37. Qb2 g5 38. Bd2 Qh5 39. Bc1 Re7 40. Qh2 Re2 41. Rf2
Re1+ 42. Rf1 Rxf1+ 43. Kxf1 Qd1+ 44. Kf2 Qxd4+ 0-1

[Event "VIII Festival B"]
[Site "Amantea ITA"]
[Date "2010.09.01"]
[Round "4"]
[White "Carlomagno, Vincenzo"]
[Black "Lo Cascio, Marco"]
[Result "1-0"]
[WhiteElo "1851"]
[BlackElo "1593"]
[PlyCount "65"]
[EventDate "2010.08.29"]

1. e4 c6 2. d4 d5 3. e5 c5 4. dxc5 Nc6 5. Nf3 e6 6. c3 Qc7 7. Bf4 Nge7 8. Bb5
Ng6 9. Bg3 Bxc5 10. Qe2 O-O 11. Nbd2 Rd8 12. Nb3 Be7 13. O-O a6 14. Bd3 Bd7 15.
h4 b5 16. h5 Nf8 17. Nh2 Qb6 18. Ng4 h6 19. Bf4 Nh7 20. Be3 Qc7 21. f4 f5 22.
Nh2 Be8 23. g4 Bd7 24. gxf5 exf5 25. Nf3 Rf8 26. Kh1 Rf7 27. Nbd4 Nxd4 28. Nxd4
Nf8 29. Rg1 Be6 30. Qg2 Kh8 31. Bxf5 Bxf5 32. Nxf5 Ne6 33. Qg6 1-0

[Event "VIII Festival B"]
[Site "Amantea ITA"]
[Date "2010.09.01"]
[Round "4"]
[White "Denozza, Mauro"]
[Black "Mercuri, Delia"]
[Result "0-1"]
[WhiteElo "1666"]
[BlackElo "1499"]
[PlyCount "80"]
[EventDate "2010.08.29"]

1. d4 d5 2. Nf3 e6 3. e3 Nf6 4. Bd3 Bd6 5. Nbd2 c5 6. c3 c4 7. Bc2 O-O 8. O-O
Qc7 9. e4 dxe4 10. Nxe4 Nxe4 11. Bxe4 Nd7 12. Bd2 f5 13. Bc2 Nf6 14. Re1 Bd7
15. b3 Ng4 16. g3 Rae8 17. bxc4 Qxc4 18. Bb3 Qc7 19. Ng5 Qc8 20. h3 Nf6 21. c4
h6 22. Nf3 Ne4 23. c5 Bb8 24. Rc1 Bc6 25. Bb4 Qc7 26. Ne5 f4 27. Nxc6 Qxc6 28.
d5 fxg3 29. Rxe4 gxf2+ 30. Kf1 Qc8 31. dxe6 Kh8 32. Bc3 Qc7 33. Be5 Qc6 34. Qg4
Bxe5 35. Ba4 Qa6+ 36. Qe2 Qxe6 37. Qe3 Re7 38. Bb3 Qf6 39. Rd1 h5 40. Rd5 Qg6
0-1

[Event "VIII Festival B"]
[Site "Amantea ITA"]
[Date "2010.09.01"]
[Round "4"]
[White "Grasso, Francesco"]
[Black "Mileo, Miguelito"]
[Result "0-1"]
[WhiteElo "1488"]
[BlackElo "1647"]
[PlyCount "86"]
[EventDate "2010.08.29"]

1. e4 c6 2. Nf3 d5 3. exd5 cxd5 4. Be2 Nf6 5. O-O Nc6 6. b3 Bf5 7. Bb2 e6 8.
Bb5 a6 9. Be2 Be7 10. d3 h6 11. Nd4 Bh7 12. Nxc6 bxc6 13. Nd2 O-O 14. Nf3 c5
15. Ne5 Qc7 16. Ng4 d4 17. Bf3 Rad8 18. Qe2 Nd5 19. Bxd5 Rxd5 20. Rae1 Bd6 21.
Nxh6+ gxh6 22. g3 Bf5 23. Kg2 Kh7 24. Bc1 Rg8 25. f4 Qd8 26. Kg1 Qh4 27. Rf2
Qh3 28. Qd2 Bg4 29. Qa5 h5 30. Qxa6 h4 31. Qb7 Bh5 32. Rg2 Bf3 33. Qxf7+ Rg7
34. Qxg7+ Kxg7 35. Rf2 hxg3 36. Rxf3 gxh2+ 37. Kf2 h1=Q 38. Rxh3 Qxh3 39. Rg1+
Kf7 40. a4 Qh4+ 41. Kf1 Bxf4 42. Bxf4 Qxf4+ 43. Ke1 Qc1+ 0-1

[Event "VIII Festival B"]
[Site "Amantea ITA"]
[Date "2010.09.01"]
[Round "4"]
[White "Greco, Simone"]
[Black "Stoja, Rocco"]
[Result "0-1"]
[WhiteElo "1614"]
[BlackElo "1820"]
[PlyCount "116"]
[EventDate "2010.08.29"]

1. e4 Nf6 2. e5 Nd5 3. c4 Nb6 4. d4 d6 5. f4 dxe5 6. fxe5 Bf5 7. Be3 e6 8. Nf3
Be7 9. Be2 c6 10. O-O N8d7 11. Qd2 f6 12. Bf4 fxe5 13. Nxe5 Nxe5 14. Bxe5 O-O
15. Nc3 Nd7 16. Bg3 Qb6 17. Kh1 Qd8 18. Bf4 Nf6 19. Rad1 Bd6 20. Bxd6 Qxd6 21.
Qf4 Qb4 22. Qd2 Rad8 23. a3 Qd6 24. Qf4 Qd7 25. Rd2 Bg6 26. Qe3 Qd6 27. Qf4 e5
28. c5 Qxc5 29. dxc5 exf4 30. Rxd8 Rxd8 31. Rxf4 Rd2 32. Rb4 Nd5 33. Bc4 Be4
34. Ne2 Rxe2 35. Bxe2 Nxb4 36. axb4 Kf7 37. Kg1 Ke6 38. Bg4+ Kd5 39. Be2 Kd4
40. Kf2 Bd3 41. Bg4 b6 42. cxb6 axb6 43. Bf3 Bb5 44. Ke1 Kc4 45. Be2+ Kxb4 46.
Bxb5 Kxb5 47. Kd2 Kc4 48. Kc2 b5 49. h3 c5 50. g3 Kd4 51. Kd2 g5 52. b3 c4 53.
bxc4 bxc4 54. h4 gxh4 55. gxh4 h5 56. Kd1 Kd3 57. Kc1 Kc3 58. Kd1 Kb2 0-1

[Event "VIII Festival B"]
[Site "Amantea ITA"]
[Date "2010.09.01"]
[Round "4"]
[White "Grudina, Marco"]
[Black "Carbone, Stefano"]
[Result "0-1"]
[WhiteElo "1866"]
[BlackElo "1885"]
[PlyCount "171"]
[EventDate "2010.08.29"]

1. e4 g6 2. d4 Bg7 3. c4 d6 4. Nc3 Nf6 5. h3 a6 6. Nf3 c6 7. Be3 O-O 8. Bd3
Nbd7 9. O-O b5 10. Qd2 bxc4 11. Bxc4 Qc7 12. Bb3 Bb7 13. Bh6 c5 14. Bxg7 Kxg7
15. d5 Rab8 16. Bc2 Nb6 17. b3 Nc8 18. Rad1 Nd7 19. Rfe1 Na7 20. a4 Rfc8 21.
Bd3 f6 22. Qe2 Qa5 23. Qc2 Rf8 24. Kh1 Ne5 25. Nxe5 fxe5 26. f3 Bc8 27. Rb1 Bd7
28. Bc4 Qb6 29. Qd3 a5 30. Na2 Qc7 31. Re2 Nc8 32. Nc3 Na7 33. Reb2 Rf6 34. Kh2
Rbf8 35. Rf1 Qd8 36. Qd2 h6 37. Ne2 g5 38. Ng3 Kg6 39. Ne2 Kh7 40. Ng3 Nc8 41.
Nh5 R6f7 42. Qe2 Kg6 43. Ng3 Nb6 44. Qd3 Na8 45. Ne2 Nc7 46. Qd2 Ne8 47. Qd3
Nf6 48. Ng3 Kh7 49. Bb5 Bc8 50. Ba6 Qb6 51. Bb5 Kg6 52. Rbf2 h5 53. Nf5 Bxf5
54. exf5+ Kh7 55. g4 h4 56. Rd1 Rb8 57. Rb2 Kg7 58. Kg2 Ne8 59. Rdb1 Nc7 60.
Bc4 Kf6 61. Kf2 Rff8 62. Ke2 Qa7 63. Kd2 Rb4 64. Kc2 Rfb8 65. Qc3 Qb7 66. Rd1
Kf7 67. Ra2 Na8 68. Bb5 Nb6 69. Bc6 Qa7 70. Bb5 Rc8 71. Bc4 Nxc4 72. bxc4 Qa6
73. Kd3 Rcb8 74. Ra3 Rb2 75. Rd2 Rb1 76. Rh2 R8b4 77. Rc2 Rh1 78. Qd2 Kf6 79.
Qg2 Rd1+ 80. Ke2 Rd4 81. Kf2 Rdxc4 82. Re2 Rxa4 83. Rae3 Qb7 84. Rd3 Rd4 85.
Rde3 Qxd5 86. Rb3 0-1

[Event "VIII Festival B"]
[Site "Amantea ITA"]
[Date "2010.09.01"]
[Round "4"]
[White "Ielapi, Vito"]
[Black "Gregori, Giacomo"]
[Result "0-1"]
[WhiteElo "1829"]
[BlackElo "1802"]
[PlyCount "68"]
[EventDate "2010.08.29"]

1. e4 d6 2. d4 Nf6 3. Bd3 e5 4. c3 g6 5. Ne2 Bg7 6. O-O O-O 7. Bg5 h6 8. Bh4
Nbd7 9. Nd2 Qe7 10. Qc2 c6 11. Rae1 Re8 12. f3 Nf8 13. Nc4 Qc7 14. f4 exd4 15.
Bxf6 Bxf6 16. cxd4 d5 17. Ne5 dxe4 18. Bxe4 Bg7 19. Kh1 f5 20. Bf3 Qa5 21. Nc3
Be6 22. b3 Rad8 23. Rd1 Kh7 24. Na4 Bd5 25. Nc5 Qb4 26. Qb2 Bxf3 27. Nxf3 Qxc5
28. Ne5 Bxe5 29. dxe5 Ne6 30. g3 Rd5 31. Rc1 Qe3 32. Rce1 Qd2 33. Qb1 Red8 34.
g4 Nxf4 0-1

[Event "VIII Festival B"]
[Site "Amantea ITA"]
[Date "2010.09.01"]
[Round "4"]
[White "Martino, Giovanni"]
[Black "Mazzuca, Aldo"]
[Result "0-1"]
[WhiteElo "1536"]
[BlackElo "1404"]
[PlyCount "100"]
[EventDate "2010.08.29"]

1. e4 e5 2. Nf3 Nc6 3. Bb5 Nge7 4. d4 exd4 5. Nxd4 Nxd4 6. Qxd4 b6 7. Nc3 Bb7
8. Bf4 Nc6 9. Bxc6 Bxc6 10. Qe5+ Qe7 11. Qxe7+ Bxe7 12. Bxc7 d6 13. e5 dxe5 14.
Bxe5 f6 15. Bd4 O-O 16. O-O Rfe8 17. a4 Rad8 18. Be3 Rd7 19. Nb5 a6 20. Nd4 Bd5
21. Nf5 Bd8 22. Rad1 Bc6 23. Rxd7 Bxd7 24. Nd6 Re6 25. Nb7 Bc7 26. a5 bxa5 27.
Nc5 Rd6 28. Nxd7 Rxd7 29. c4 Be5 30. b3 Rb7 31. Bd2 Rxb3 32. Bxa5 Ra3 33. Bd2
Bc3 34. Bc1 Ra4 35. c5 Rc4 36. Be3 Bb4 37. Rc1 Rxc1+ 38. Bxc1 Bxc5 39. Bb2 a5
40. Kf1 Kf7 41. f3 Ke6 42. Ke2 g6 43. g4 f5 44. h3 fxg4 45. fxg4 a4 46. Kd3 Kd5
47. Bc3 a3 48. Ba1 Bd6 49. Ke2 Be5 50. Bxe5 Kxe5 0-1

[Event "VIII Festival B"]
[Site "Amantea ITA"]
[Date "2010.09.01"]
[Round "4"]
[White "Nicoletta, Oscare"]
[Black "Manfroi, Andrea"]
[Result "0-1"]
[WhiteElo "1305"]
[BlackElo "1703"]
[PlyCount "64"]
[EventDate "2010.08.29"]

1. d4 d5 2. c3 Nf6 3. e3 e6 4. Ne2 c5 5. Nf4 cxd4 6. Qxd4 Nc6 7. Bb5 Bd7 8. O-O
Nxd4 9. cxd4 Bxb5 10. Re1 Bd6 11. Ne2 Bxe2 12. Rxe2 Ng4 13. g3 Qf6 14. f4 O-O
15. Na3 Bxa3 16. bxa3 Rac8 17. Bd2 Qe7 18. Bc1 Rc3 19. Bb2 Rxe3 20. Rc2 Qd7 21.
Kg2 Rc8 22. Rxc8+ Qxc8 23. Rc1 Qd7 24. h3 Re2+ 25. Kf3 Rxb2 26. Kxg4 f5+ 27.
Kf3 Rxa2 28. Re1 Rxa3+ 29. Kg2 Qa4 30. h4 Qc2+ 31. Kh3 Qf2 32. Rh1 Qxg3# 0-1

[Event "VIII Festival B"]
[Site "Amantea ITA"]
[Date "2010.09.01"]
[Round "4"]
[White "Palermiti, Francesco"]
[Black "De Marinis, Marcello"]
[Result "0-1"]
[WhiteElo "1470"]
[BlackElo "1774"]
[PlyCount "106"]
[EventDate "2010.08.29"]

1. d4 Nf6 2. Nf3 g6 3. c4 c5 4. Nc3 cxd4 5. Nxd4 Bg7 6. Nf3 O-O 7. Bf4 d6 8. e3
Qa5 9. Bd3 e5 10. Bg5 e4 11. Bxf6 Bxf6 12. Bxe4 Bxc3+ 13. bxc3 Qxc3+ 14. Nd2
Nc6 15. O-O Be6 16. Bd5 Qe5 17. Nf3 Qf6 18. h3 Rac8 19. e4 Rc7 20. Qd2 Ne5 21.
Nxe5 dxe5 22. f4 exf4 23. Qxf4 Qxf4 24. Rxf4 a6 25. Raf1 Rfc8 26. a4 Re8 27.
Kh2 Ree7 28. R1f3 Kg7 29. Rg3 Bd7 30. a5 Ba4 31. Rgf3 Bd1 32. Rf1 Be2 33. e5
Bxf1 34. Rxf1 Rxe5 35. Rb1 Ree7 36. Kg3 f5 37. Kh2 Kf6 38. Rb6+ Ke5 39. g3 Kd4
40. h4 Re2+ 41. Kh3 Ree7 42. Kg2 Rg7 43. Kh3 h6 44. Rb1 Rce7 45. Rf1 Kc5 46.
Rb1 g5 47. hxg5 hxg5 48. Kg2 g4 49. Rf1 Re2+ 50. Rf2 Rxf2+ 51. Kxf2 Kb4 52. Be6
Kxa5 53. Ke3 Re7 0-1

[Event "VIII Festival B"]
[Site "Amantea ITA"]
[Date "2010.09.01"]
[Round "4"]
[White "Paragliola, Gennaro"]
[Black "Scerra, Ezio"]
[Result "1-0"]
[WhiteElo "1598"]
[BlackElo "1419"]
[PlyCount "99"]
[EventDate "2010.08.29"]

1. d4 Nf6 2. c4 c5 3. d5 b5 4. b3 g6 5. Bb2 Bg7 6. Nf3 O-O 7. e3 d6 8. cxb5 a6
9. bxa6 Bxa6 10. Bxa6 Nxa6 11. O-O Nb4 12. a4 Nbxd5 13. Nbd2 Qc7 14. Nc4 Ra7
15. Bxf6 Nxf6 16. Rb1 Ne4 17. Qc2 d5 18. Na3 Nc3 19. Rbc1 c4 20. b4 Rxa4 21.
Nb5 Nxb5 22. Qxa4 Qb7 23. Qd1 e6 24. Qd2 c3 25. Qd3 Rc8 26. Nd4 Na3 27. Rxc3
Rxc3 28. Qxc3 Nb5 29. Qc5 Nxd4 30. exd4 Bf8 31. Qc2 Qxb4 32. Qd3 Kg7 33. Rb1
Qd6 34. g3 Be7 35. Rb7 Bf6 36. Qc3 h5 37. Qc5 Qa6 38. Qc7 Qa1+ 39. Kg2 Bxd4 40.
Qxf7+ Kh6 41. h4 Bg7 42. Qf4+ Kh7 43. Qf7 Qe5 44. Re7 Qe4+ 45. Kh2 Qd4 46. Rxe6
Qd3 47. Rd6 Qf5 48. Qxf5 gxf5 49. Rxd5 Kg6 50. Kh3 1-0

[Event "VIII Festival B"]
[Site "Amantea ITA"]
[Date "2010.09.01"]
[Round "4"]
[White "Rametta, Marcello"]
[Black "Barca, Lorenzo"]
[Result "0-1"]
[WhiteElo "1778"]
[BlackElo "1524"]
[PlyCount "98"]
[EventDate "2010.08.29"]

1. e4 e5 2. Bc4 Nf6 3. d3 d5 4. exd5 Nxd5 5. Nf3 Nc6 6. c3 Bg4 7. h3 Bh5 8. g4
Bg6 9. Bg5 Be7 10. Bxe7 Ndxe7 11. Qe2 Qd6 12. Nbd2 O-O-O 13. Ne4 Bxe4 14. Qxe4
f6 15. O-O-O Na5 16. Nd2 Ng6 17. Qf5+ Kb8 18. Ne4 Qc6 19. Bf7 Nf4 20. Ng3 Rhf8
21. Bb3 Nxb3+ 22. axb3 g6 23. Qe4 Qb6 24. d4 Qxb3 25. dxe5 fxe5 26. Ne2 Nxe2+
27. Qxe2 Rxd1+ 28. Rxd1 Qa2 29. Qxe5 Qa1+ 30. Kc2 Rxf2+ 31. Rd2 Rxd2+ 32. Kxd2
Qxb2+ 33. Kd3 Qb1+ 34. Kd2 Qa2+ 35. Ke3 Qg8 36. Kf4 Kc8 37. Kg5 Qf8 38. h4 b6
39. h5 gxh5 40. gxh5 a5 41. h6 Qc5 42. Qxc5 bxc5 43. Kf6 a4 44. Kg7 a3 45. Kxh7
a2 46. Kg8 a1=Q 47. c4 Qa8 48. h7 Kd7+ 49. Kg7 Ke6 0-1

[Event "VIII Festival B"]
[Site "Amantea ITA"]
[Date "2010.09.01"]
[Round "4"]
[White "Scovazzi, Tullio"]
[Black "Sansosti, Simona"]
[Result "1-0"]
[WhiteElo "1753"]
[BlackElo "1410"]
[PlyCount "39"]
[EventDate "2010.08.29"]

1. e4 e5 2. Bc4 Bc5 3. Qg4 Qf6 4. Nc3 Ne7 5. Nf3 Nbc6 6. Qg3 h5 7. d3 g6 8. Bg5
Qg7 9. O-O d6 10. Qh4 f5 11. Bf6 Qh7 12. Bxh8 Qxh8 13. exf5 Bxf5 14. Nd5 O-O-O
15. Nxe7+ Nxe7 16. Qxe7 Re8 17. Qg5 Qg7 18. Nh4 Bg4 19. h3 Bd7 20. Qxg6 1-0

[Event "VIII Festival B"]
[Site "Amantea ITA"]
[Date "2010.09.01"]
[Round "4"]
[White "Serratore, Vincenzo"]
[Black "Zampaglione, Davide"]
[Result "1-0"]
[WhiteElo "1881"]
[BlackElo "1662"]
[PlyCount "151"]
[EventDate "2010.08.29"]

1. d4 d5 2. Nf3 Nf6 3. Bf4 e6 4. e3 c5 5. c3 Nc6 6. Nbd2 Bd6 7. Ne5 Qc7 8. Bb5
O-O 9. Ndf3 Nd7 10. Nxd7 Bxd7 11. Bxd6 Qxd6 12. O-O Nb8 13. Bd3 Bc6 14. a3 Nd7
15. g3 e5 16. Bf5 cxd4 17. exd4 e4 18. Nd2 g6 19. Bh3 Rfe8 20. Re1 Nb6 21. Re3
Bb5 22. a4 Bd3 23. Bf1 Bxf1 24. Qxf1 Rac8 25. a5 Nc4 26. Nxc4 Rxc4 27. Rd1 f5
28. b3 Rc7 29. c4 Rec8 30. c5 Qf6 31. b4 g5 32. f4 g4 33. b5 h5 34. Qe2 h4 35.
Qa2 Rd8 36. Rb3 Rh7 37. Rb2 Qh6 38. Qb3 hxg3 39. Qxg3 Qe6 40. h4 Qf6 41. Rh2
Kg7 42. Qf2 Rdh8 43. Rd2 Rxh4 44. Qe3 Kf7 45. Qc3 Qh6 46. Qg3 a6 47. Rxh4 Qxh4
48. Qxh4 Rxh4 49. bxa6 bxa6 50. Rb2 Rh8 51. Rb7+ Ke6 52. Rb6+ Kf7 53. Rd6 Re8
54. Rxd5 e3 55. Rxf5+ Kg6 56. Rg5+ Kf6 57. Kf1 Re4 58. Rxg4 Kf5 59. Rh4 Rxd4
60. Ke2 Re4 61. c6 Rc4 62. Kxe3 Rc3+ 63. Kd4 Rxc6 64. Kd5 Rc1 65. Rh6 Kxf4 66.
Rxa6 Rd1+ 67. Kc6 Ke5 68. Rb6 Rc1+ 69. Kb7 Rh1 70. Rc6 Kd5 71. a6 Rh7+ 72. Rc7
Rh1 73. a7 Rb1+ 74. Kc8 Ra1 75. Kb8 Rb1+ 76. Rb7 1-0